|
|
|
|
| LEADER |
00881pam a22002418a 4500 |
| 001 |
00023271 |
| 005 |
20171026081022.0 |
| 008 |
110616s1980 ||||||Viesd |
| 041 |
0 |
# |
|a Vie
|
| 082 |
1 |
4 |
|a 840.8
|b H450N
|
| 100 |
0 |
# |
|a Trọng Đức
|
| 245 |
0 |
0 |
|a Hô-nô-rê đơ Ban-dắc (1799-1850)
|c Trọng Đức
|
| 260 |
# |
# |
|a H.
|b Giáo dục
|c 1980
|
| 300 |
# |
# |
|a 176 tr.
|c 21 cm.
|
| 500 |
# |
# |
|a ĐTTS ghi: Sách Đại học sư phạm
|
| 650 |
# |
4 |
|a Nhà văn
|
| 650 |
# |
4 |
|a Văn học Pháp
|
| 650 |
# |
4 |
|a Văn học hiện đại
|
| 852 |
# |
# |
|b Kho mượn
|j KM.0012317, KM.0012318, KM.0012319, KM.0012320, KM.0012321
|
| 852 |
# |
# |
|b Kho đọc
|j KD.0009378
|
| 852 |
# |
# |
|j KD.0009378
|j KM.0012318
|j KM.0012319
|j KM.0012320
|j KM.0012317
|j KM.0012321
|
| 910 |
0 |
# |
|a ngoc
|d 16/06/2011
|
| 980 |
# |
# |
|a Trung tâm Học liệu Lê Vũ Hùng, Trường Đại học Đồng Tháp
|